Phases finales de la CAN 2023. - Statistiques

Statistiques générales
  • Ce quiz a été pris 263 fois
  • Le résultat moyen est 12 sur 16
Statistiques - réponses
Réponse % Correct
Côte d'Ivoire
99%
Maroc
97%
Sénégal
94%
Afrique du Sud
92%
RD Congo
91%
Nigeria
90%
Égypte
87%
Mali
83%
Cameroun
80%
Guinée
76%
Cap-Vert
66%
Angola
66%
Mauritanie
60%
Guinée équatoriale
56%
Burkina Faso
50%
Namibie
41%
Aucun quiz correspondant
Distribution des résultats
% des personnes avec chaque résultat
Percentile par nombre de réponses
Votre historique - résultats
Vous n’avez pas pris ce quiz